000 00281nam a22001217a 4500
003 OSt
008 250117b |||||||| |||| 00| 0 eng d
041 _aeng
100 _aAgarwal, AN
_96957
245 _aIndian Agriculture
260 _bVarmi Educational Books,
_c1986.
942 _cBK
999 _c19046
_d19046